Chemical Secret / (Record no. 4812)

MARC details
000 -LEADER
fixed length control field 01236nam a22003017a 4500
001 - CONTROL NUMBER
control field 4812
003 - CONTROL NUMBER IDENTIFIER
control field FISKH
005 - DATE AND TIME OF LATEST TRANSACTION
control field 20241016110618.0
008 - FIXED-LENGTH DATA ELEMENTS--GENERAL INFORMATION
fixed length control field 241016b cb ||||| |||| 00| 0 eng d
020 ## - INTERNATIONAL STANDARD BOOK NUMBER
International Standard Book Number 9780194791120
040 ## - CATALOGING SOURCE
Original cataloging agency FISKH
Language of cataloging eng
Transcribing agency FISKH
Modifying agency FISKH
050 ## - LIBRARY OF CONGRESS CALL NUMBER
Classification number PE1126.A4
082 ## - DEWEY DECIMAL CLASSIFICATION NUMBER
Classification number 428
100 ## - MAIN ENTRY--PERSONAL NAME
Personal name Vicary, Tim
245 ## - TITLE STATEMENT
Title Chemical Secret /
Statement of responsibility, etc. by Tim Vicary
250 ## - EDITION STATEMENT
Edition statement First published in Oxford Bookworms 1991
260 ## - PUBLICATION, DISTRIBUTION, ETC.
Place of publication, distribution, etc. New York :
Name of publisher, distributor, etc. Oxford University Press ;
Date of publication, distribution, etc. 2008 .
300 ## - PHYSICAL DESCRIPTION
Extent 72 pages :
Other physical details illustrations ;
Dimensions 21 cm .
490 ## - SERIES STATEMENT
Series statement Oxford Bookworms
Volume/sequential designation 3
505 ## - FORMATTED CONTENTS NOTE
Formatted contents note M <br/>
520 ## - SUMMARY, ETC.
Summary, etc. The job was too good. There had to be a problem - and there was. John Duncan was an honest man, but he needed money. He had children to look after. He was ready to do anything, and his bosses knew it. They gave him the job because he couldn't say no; he couldn't afford to be honest. And the job was like a poison inside him. It changed him and blinded him, so that he couldn't see the real poison - until it was too late.
521 8# - TARGET AUDIENCE NOTE
Target audience note 550 <br/>
Source Lexile <br/>
521 8# - TARGET AUDIENCE NOTE
Target audience note M <br/>
Source Raz-Plus <br/>
650 ## - SUBJECT ADDED ENTRY--TOPICAL TERM
Topical term or geographic name entry element risks
Form subdivision fiction
700 ## - ADDED ENTRY--PERSONAL NAME
Personal name Koelle, Chris
Relator term illustrator
942 ## - ADDED ENTRY ELEMENTS (KOHA)
Source of classification or shelving scheme Dewey Decimal Classification
Koha item type Books
Suppress in OPAC No
Holdings
Withdrawn status Lost status Source of classification or shelving scheme Damaged status Not for loan Collection Home library Current library Shelving location Date acquired Total Checkouts Full call number Barcode Date last seen Price effective from Koha item type
    Dewey Decimal Classification     Fiction Footprints International School Library Network Toul Kork Campus Footprints International School Library Network Toul Kork Campus TTP Primary Yellow Bookshelves 10/16/2024   VIC 428 PE1126.A4 FIS00276 10/16/2024 10/16/2024 Books